Pietrzak, Miroslaw. Chłapowo ; 2 . - Gdańsk

Titel: Pietrzak, Miroslaw. Chłapowo ; 2 . - Gdańsk : Muzeum archeologiczne. - 2005 [Rezension]
Verfasser:
In: Prähistorische Zeitschrift, Band 82 (2007), Seite 118-121, 4 Abb.
alle Artikel anzeigen
Veröffentlicht: 2007
Format: Aufsatz
Sprache: Deutsch
Kein Bild verfügbar
X
alg: 39491789
001A    $01999:12-11-16 
001B    $01999:03-08-21 $t21:06:42.000 
001D    $01999:12-11-16 
001U    $0utf8 
001X    $00 
002@    $0Aox 
003@    $0394917898 
007A    $0394917898 $aHEB 
007T    $0Herdc0049316m 
010@    $ager 
011@    $a2007 
021A    $aPietrzak, Miroslaw. Chłapowo  ; 2 . - Gdańsk $dMuzeum archeologiczne. -  2005 [Rezension] 
028A    $aKneisel $dJutta 
031A    $d82 $h118-121, 4 Abb. $j2007 
039B    $aIn $8--Abvc--. Prähistorische Zeitschrift. - Berlin {[u.a.] : de Gruyter, 1909-. - ISSN 0079-4848 $x200700000820000882 $9047249722 
039T    $aRezension von $8--AFy--Pietrzak, Mirosław [Tnd]. Chlapowo ; 2. Cmentarzysko fazy wielkowiejskiej kultury pomorskiej. - Gdańsk : Muzeum archeologiczne, 2005. - 86 S.. - Ill.. - ISBN 83-85824-17-0 $913272328X 
045F    $a900.9438 $eDDC23BSB 
045F/01 $a900 
045F/03 $g438 
045F/03 $g4382 
045F/03 $g43832 
045T    $a6,11 

lok: 39491789 78

exp: 39491789 78 1 #EPN
201B/01 $018-11-16 $t13:08:18.000 
201U/01 $0utf8 
203@/01 $0791216470 
208@/01 $a12-11-16 $be 
209A/01 $a/ $f000 $x00 
220C/01 $aTitelaufnehmer: wr 
220C/01 $aHerkunft: HI Marburg 
244Z/01 $2Trx $#Prusy Wschodnie i Zachodnie $8--Trx--Ost- und Westpreußen $x01 $939113373X 
244Z/01 $2Trx $#Poola $#Lenkija $#Polija $#Polen Land $#Poland $#Lengyelország $#Poľsko $#Polsko $8--Trx--Polska$gkraj $x02 $9391345966 
244Z/01 $2Trx $#arvustused $#recenzijos $#Reviews $#recenziók $#recenzje $#recenzie $#recenze $8--Trx--Rezensionen $x03 $9391357441 
247C/01 $82080>Marburg/Lahn, Herder-Institut, Forschungsbibliothek, Bibliographieportal $9336309341
LEADER 00000caa a22000002c 4500
001 394917898
003 DE-603
005 20210803210642.0
007 tu
008 161112s2007 xx |||| | u00||u|ger c
035 |a (DE-599)HEB394917898 
040 |a DE-603  |b ger  |c DE-603  |d DE-603 
041 |a ger 
082 0 4 |8 1\u  |a 900.9438  |q DE-101  |2 23/BSB 
084 |a 6,11  |2 ssgn 
085 |8 1\u  |b 900 
085 |8 1\u  |z 2  |s 438 
085 |8 1\u  |z 2  |s 4382 
085 |8 1\u  |z 2  |s 43832 
100 1 |a Kneisel, Jutta 
245 0 0 |a Pietrzak, Miroslaw. Chłapowo ; 2 . - Gdańsk  |b Muzeum archeologiczne. - 2005 [Rezension] 
264 0 |c 2007 
773 0 8 |i In  |t Prähistorische Zeitschrift  |d Berlin ˜[u.a.] œ: de Gruyter, 1909-  |x 0079-4848  |g Band 82 (2007), Seite 118-121, 4 Abb.  |w (DE-603)047249722  |w (DE-600)200096-9 
787 0 8 |i Rezension von  |a Pietrzak, Mirosław  |t Cmentarzysko fazy wielkowiejskiej kultury pomorskiej  |d Gdańsk : Muzeum archeologiczne, 2005  |h 86 S., Ill.  |z 8385824170  |w (DE-603)13272328X 
924 0 |9 2080  |a (DE-603)791216470  |b DE-2080  |c HES  |d d  |g /